000
00314nam a2200121Ia 4500
008
190216s9999||||xx |||||||||||||| ||und||
100
_a
Raychoudhary S C
245
0
_a
Social Cultural And Economic History Of India
260
_b
Surjeet Pubs.Delhi
_c
1984
300
_a
238
650
_a
Indian History
942
_c
BK
999
_c
20951
_d
20951